00285pab a2200121 454500008004000000100001900040245003900059260000900098300001000107362000900117650001800126773001900144180718b1988 xxu||||| |||| 00| 0 eng d aBaran, Paul A. aThe commitment of the intellectual c1988 a51-62 aMar. aIntellectuals aMonthly Review